Statistiques concernant Kpop idols (par groupe)

Cliquez ici pour prendre le quiz!

Statistiques générales

  • Ce quiz a été pris 1 217 fois
  • Le résultat moyen est 77 sur 154

Statistiques - réponses

groupeidols% Correct
Jun
93%
Lisa
93%
BlackpinkJennie
92%
Jisoo
92%
Rosé
92%
V
92%
Jungkook
89%
RM
89%
Stray KidsFelix
88%
BTSJimin
88%
Suga
88%
Han
87%
Jin
87%
AteezSan
86%
Jhope
85%
Bangchan
84%
Hyunjin
81%
Changbin
79%
IN
79%
Lia
79%
ItzyYeji
77%
Lee know
76%
EnhypenNiki
75%
Yuna
74%
Momo
73%
Ryujin
73%
Seungmin
73%
Karina
72%
Sana
70%
Soobin
69%
Winter
69%
TwiceNayeon
68%
TXTYeonjun
68%
Danielle
67%
Jake
67%
Jay
67%
Sakura
66%
Giselle
65%
Kai
65%
Minnie
65%
AespaNingning
65%
Taehyun
65%
Chaewon
64%
Beomgyu
63%
Mina
63%
Soyeon
63%
Sunoo
63%
Jihyo
62%
Hoshi
61%
Mingi
61%
Le sserafimYunjin
61%
(G)I-dleYuqi
61%
Heeseung
60%
SeventeenS coups
60%
Sunghoon
60%
Tzuyu
60%
AstroCha eunwoo
59%
Eunchae
59%
Kazuha
59%
NmixxLily
59%
Mingyu
59%
Vernon
59%
Woozi
58%
Chaeryeong
57%
Dino
57%
Hanni
57%
Red velvetIrene
57%
NewjeansMinji
57%
The8
57%
Chaeyoung
55%
Dahyun
55%
Joshua
55%
Jungwon
55%
Mark
55%
Wooyoung
55%
DK
54%
Miyeon
54%
Shuhua
53%
Hyein
51%
Jongho
51%
Seonghwa
51%
Haerin
50%
Jeongyeon
50%
Joy
50%
Seulgi
50%
Jeonghan
49%
Yeosang
49%
Yunho
49%
Hongjoong
48%
Wonwoo
48%
Seungkwan
47%
Wendy
46%
Jiwoo
44%
Ricky
44%
Taeyong
43%
Yeri
42%
Ten
40%
Bae
36%
Haewon
35%
Johnny
35%
Jungwoo
35%
RiizeShotaro
35%
Jaehyun
34%
Yuta
34%
Haechan
33%
Jisung
33%
Sullyoon
33%
Yujin
33%
Eric
32%
Jaemin
32%
Jeno
31%
Kyujin
31%
Sunwoo
31%
Hanbin
30%
Winwin
30%
Chenle
29%
Doyoung
29%
NCTTaeil
29%
Q
28%
Matthew
27%
Renjun
27%
Rocky
27%
Sanha
27%
Sungchan
27%
Zhang Hao
26%
ZerobaseoneJiwoong
25%
Wonbin
25%
Anton
24%
Hendery
24%
Kun
24%
Yangyang
24%
Gyuvin
23%
Kevin
23%
Gunwook
22%
Jinjin
22%
Seunghan
22%
Taerae
22%
Sohee
21%
Xiaojun
21%
Jacob
19%
MJ
19%
New
19%
Eunseok
17%
Juyeon
16%
Hyunjae
13%
The boyzSangyeon
13%
Ju Hak nyeon
12%
Younghoon
12%
Ryo
10%
Sion
10%
Riku
9%
Sakuya
9%
Yushi
9%
Daeyoung
4%

Distribution des résultats

Percentile par nombre de réponses

% des personnes avec chaque résultat

Votre développement - résultats

Vous n’avez pas pris ce quiz